000 00786nam a2200241Ia 4500
005 20220722101440.0
008 210716s2016 xx 000 0 und d
020 _a9789351198147
040 _cAIMIT LIBRARY
041 _aeng
082 _a005.1372
_21
_bDOWA
100 _aDowney, Allen.
_952548
245 _aHow to think like a computer scientist :
_blearning with python /
_cBy Allen Downey, Jeffrey Elkner and Chris Meyers.
250 _a1st ed.
260 _aNew Delhi :
_bDreamtech Press ,
_c2016.
300 _axxviii, 250p. ;
_c23 cm.
650 _aThe way of the program
_952549
650 _aFruitful functions
_952550
650 _aIteration
_952551
700 _aElkner, Jeffrey.
_952552
700 _aMeyers, Chris.
_952553
942 _2ddc
_cBK
_e1st
_k005.1372 DOWA
999 _c195765
_d195765